| 000 | 01994cam a2200361 i 4500 | ||
|---|---|---|---|
| 999 |
_c478385 _d478385 |
||
| 001 | 18153304 | ||
| 003 | NUST | ||
| 005 | 20180526055156.0 | ||
| 008 | 140515s2014 mdu b 001 0 eng | ||
| 010 | _a 2014016716 | ||
| 020 | _a9780739188828 (cloth : alk. paper) | ||
| 020 | _z9780739188835 (electronic) | ||
| 038 | _a0 | ||
| 040 |
_aDLC _beng _cDLC _erda _dDLC |
||
| 042 | _apcc | ||
| 050 | 0 | 0 |
_aBP173.75 _b.K645 2014 |
| 082 | 0 | 0 |
_a330.12/2091767 _223 |
| 100 | 1 |
_aKoehler, Benedikt. _910524 |
|
| 245 | 1 | 0 |
_aEarly Islam and the birth of capitalism / _cBenedikt Koehler. |
| 264 | 1 |
_aLanham : _bLexington Books, _c2014. |
|
| 300 |
_avi, 231 pages ; _c24 cm |
||
| 336 |
_atext _btxt _2rdacontent |
||
| 337 |
_aunmediated _bn _2rdamedia |
||
| 338 |
_avolume _bnc _2rdacarrier |
||
| 504 | _aIncludes bibliographical references (pages 213 -228) and index. | ||
| 505 | 0 | _aThe richest man in Arabia -- Markets without government -- Family matters -- A mosque, a market, and a war -- Muhammad's household finances -- Muhammad's executive office -- Muhammadan taxation -- Succession -- Rise of the Rashidun caliphs -- Decline of the Rashidun caliphs -- Journey to Jerusalem -- Islamic gold currency -- Bankers of Baghdad -- Islamic philanthropy : Waqfs -- Islamic venture capital : qirâds -- Islamic trade centres : funduqs -- Law in early islam -- From law to economics -- Market economics in early Islam -- Muslim merchants abroad -- Shifting alliances -- Tax havens in the Holy Land -- The economic consequences of Saladin -- Lives of the merchants -- Early law and economics in Christendom -- Conclusion -- Bibliography -- Index -- About the author. | |
| 650 | 0 |
_aIslam _xEconomic aspects. _910142 |
|
| 650 | 0 |
_aCapitalism _xReligious aspects _xIslam. _910525 |
|
| 650 | 0 |
_aEconomics _xReligious aspects _xIslam. _910151 |
|
| 906 |
_a7 _bcbc _corignew _d1 _eecip _f20 _gy-gencatlg |
||
| 942 |
_2ddc _cBK |
||